top 10 rappers - Statistics

General Stats
  • This quiz has been taken 95 times
  • The average score is 4 of 10
Answer Stats
Hint Answer % Correct
2 eminem
82%
6 kendrick lamar
71%
5 jay-z
58%
1 snoop dogg
57%
8 lil wayne
37%
9 nas
37%
3 j cole
30%
7 Andre 3000
13%
10 notorius big
1%
4 tupac shakir
1%
No matching quizzes found
Score Distribution
Percent of People with Each Score
Percentile by Number Answered
Your Score History
You have not taken this quiz